000 00789nas a2200277 4500
001 BR9500404
003 BR-BrBNA
005 20231205093825.0
007 ta
008 230509b bl.|||p| |||| 00| 00por d
040 _aBR-BrBNA
_bpor
_cBiblioteca Nacional de Agricultura
041 _a(Pt)
072 _aF04
100 1 _aNakayama, L.H.I.
100 1 _aSantana, C.J.L. de
100 1 _aPinto, L.R.M.
245 1 _aRespostas do cacaueiro em desenvolvimento a calagem
650 _aCacau
650 _aCalcario
650 _aMagnesio
650 _aCalagem
773 0 _tRevista Theobroma (Brazil)
_xISSN 0370-7962
_g(Oct-Dec 1988), v. 18(4) p. 229-240
_wBR9500404
856 4 0 _dLink DSPACE/MAPA BR9500404
909 _a202311
_bLúcia
_c55
_dLúcia Elande
942 _2AGRIS
_n0
_cANA
999 _c140585
_d140585